Statistics for Most populous countries in 1800

Click here to take the quiz!

General Stats

  • This quiz has been taken 38 times
  • The average score is 13 of 20

Answer Stats

PopulationCountry% Correct
57MBritish Empire
100%
47MFrance
97%
35MRussian Empire
97%
26MOttoman Empire
94%
24MSpanish Empire
94%
9MPortuguese Empire
92%
29MTokugawa Japan
89%
5MUnited States
89%
23MHabsburg Monarchy
72%
10MKingdom of Prussia
72%
41MHoly Roman Empire
67%
6MPersia
67%
297MQing Empire
61%
5MMorocco
36%
7MDai Viet
33%
4MBurma
31%
6MKingdom of Naples and Sicily
31%
16MJoseon
25%
168MMaratha Empire
17%
3MSikh Empire
14%

Score Distribution

Percentile by Number Answered

Percent of People with Each Score

Your Score History

You have not taken this quiz